Skúmanie rezných parametrov fiber laserových rezacích strojov

Uložené v:
Podrobná bibliografia
Hlavný autor: Španko, Matúš (Autor)
Ďalší autori: Čačková, Iveta (Vedúci práce)
Médium: Rukopis Kniha
Jazyk:Slovak
Vydavateľské údaje: 2025
Predmet:
On-line prístup:http://is.stuba.sk/zp/portal_zp.pl?podrobnosti=185628
Tagy: Pridať tag
Žiadne tagy, Buďte prvý, kto otaguje tento záznam!

MARC

LEADER 00000ntm a22000003a 4500
001 stuzp106448
003 SK-STU
005 20250621210739.3
007 ta
008 150427s2015----xo-----f-mn---000-0-slo-d
040 |a STU  |b slo 
041 0 |a slo 
100 1 |a Španko, Matúš  |u 020070  |4 aut  |U SjF Strojnícka fakulta  |T SjF Ústav výrobného inžinierstva a kvality produkcie  |X 104894  |U J0070  |Y 804  |7 104894 
242 0 1 |a Study of cutting parameters for fiber laser cutting machine  |y eng 
245 1 0 |a Skúmanie rezných parametrov fiber laserových rezacích strojov 
260 |c 2025 
650 4 |a vláknový laser  |2 slo 
650 4 |a CFRP  |2 slo 
650 4 |a laserové rezanie  |2 slo 
650 4 |a výkon lasera  |2 slo 
650 4 |a rýchlosť rezania  |2 slo 
650 4 |a regresná analýza  |2 slo 
650 4 |a CFRP  |2 eng 
650 4 |a laser cutting  |2 eng 
650 4 |a fiber laser  |2 eng 
650 4 |a regression analysis  |2 eng 
650 4 |a laser power  |2 eng 
650 4 |a cutting speed  |2 eng 
700 1 |a Čačková, Iveta  |u 020070  |k Z1  |4 ths  |U SjF Strojnícka fakulta  |T SjF Ústav výrobného inžinierstva a kvality produkcie  |X 46392  |U J0070  |Y 804  |7 A000046392 
856 4 |u http://is.stuba.sk/zp/portal_zp.pl?podrobnosti=185628